Learning to lead : (Record no. 184942)
[ view plain ]
| 000 -LEADER | |
|---|---|
| fixed length control field | 00964 a2200217 4500 |
| 003 - CONTROL NUMBER IDENTIFIER | |
| control field | NUST |
| 005 - DATE AND TIME OF LATEST TRANSACTION | |
| control field | 20230120124545.0 |
| 010 ## - LIBRARY OF CONGRESS CONTROL NUMBER | |
| LC control number | 94002182 |
| 020 ## - INTERNATIONAL STANDARD BOOK NUMBER | |
| International Standard Book Number | 020156310X (recycled, acid-free paper) |
| 040 ## - CATALOGING SOURCE | |
| Transcribing agency | Nust |
| 082 00 - DEWEY DECIMAL CLASSIFICATION NUMBER | |
| Classification number | 658.4092,BEN |
| 100 1# - MAIN ENTRY--PERSONAL NAME | |
| Personal name | Bennis, Warren G. |
| 9 (RLIN) | 107241 |
| 245 10 - TITLE STATEMENT | |
| Title | Learning to lead : |
| Remainder of title | a workbook on becoming a leader / |
| Statement of responsibility, etc. | Warren Bennis, Joan Goldsmith. |
| 260 ## - PUBLICATION, DISTRIBUTION, ETC. | |
| Place of publication, distribution, etc. | Reading, Mass. : |
| Name of publisher, distributor, etc. | Addison-Wesley Pub. Co., |
| Date of publication, distribution, etc. | c1994. |
| 300 ## - PHYSICAL DESCRIPTION | |
| Extent | xvii, 182 p. ; |
| Other physical details | ill. ; |
| Dimensions | 24 cm. |
| 505 ## - FORMATTED CONTENTS NOTE | |
| Formatted contents note | Leadership for the 1990 and Beyond (Page-1), How to Use this Workbook (Page-21), How to Use this Workbook (Page-21), The Leadership Crisis (Page-41), Knowing Yourself (Page-69), Creating and Communicating a Vision (Page-99), Maintaining Trust Through Integrity (Page-119), Realizing Intention through Action (Page-143). |
| 650 #0 - SUBJECT ADDED ENTRY--TOPICAL TERM | |
| Topical term or geographic name entry element | Leadership. |
| 650 #0 - SUBJECT ADDED ENTRY--TOPICAL TERM | |
| Topical term or geographic name entry element | Management. |
| 700 1# - ADDED ENTRY--PERSONAL NAME | |
| Personal name | Goldsmith, Joan. |
| 9 (RLIN) | 20677 |
| 942 ## - ADDED ENTRY ELEMENTS (KOHA) | |
| Source of classification or shelving scheme | |
| Koha item type | Book |
| Call number prefix | 658.4092,BEN |
| Withdrawn status | Lost status | Source of classification or shelving scheme | Damaged status | Not for loan | Permanent Location | Current Location | Shelving location | Date acquired | Full call number | Barcode | Date last seen | Price effective from | Koha item type | Public note |
|---|---|---|---|---|---|---|---|---|---|---|---|---|---|---|
| Military College of Signals (MCS) | Military College of Signals (MCS) | General Stacks | 12/12/2016 | 658.4092,BEN | MCS27037 | 12/08/2016 | 12/12/2016 | Book | Almirah No.55, Shelf No.2 |
